000 00477nam a2200157Ia 4500
008 230312s9999||||xx |||||||||||||| ||und||
020 _a0-470-62457-9
082 _a697
_bMIT-P
100 _aMitchell;John.W
245 0 _aPrinciples of Heating,Ventilation,and Air Conditioning in Buildings
260 _bJohn & Wiley
_aUSA
_c2013
300 _a600
546 _aEng.
650 _aArchitecture
_vPrinciples of Heating,Ventilation,and Air Conditioning in Buildings
942 _cBK
999 _c7389
_d7389